| 000 | 00400nam a2200157Ia 4500 | ||
|---|---|---|---|
| 008 | 230711s9999||||xx |||||||||||||| ||und|| | ||
| 020 | _a81-8189-190-2 | ||
| 041 | _aENG | ||
| 082 |
_a333.9534 _bHE-P |
||
| 100 | _aHenry, Robert j. | ||
| 245 | 0 | _aPlant Conservation Genetics | |
| 260 |
_c2006 _aLucknow _bInternational Book Distributing Co. |
||
| 300 | _a180p. | ||
| 650 | _aAgriculture | ||
| 942 | _cBK | ||
| 999 |
_c7589 _d7589 |
||